|
|
|
|
| LEADER |
00000nam2a2200000 4500 |
| 001 |
180405 |
| 005 |
20231101223539.0 |
| 010 |
|
|
|a 9785922107563
|
| 035 |
|
|
|a (RuTPU)RU\TPU\book\195559
|
| 035 |
|
|
|a RU\TPU\book\142406
|
| 090 |
|
|
|a 180405
|
| 100 |
|
|
|a 20100514d2009 m y0rusy50 ca
|
| 101 |
0 |
|
|a rus
|
| 102 |
|
|
|a RU
|
| 105 |
|
|
|a y j 001zy
|
| 200 |
0 |
|
|a Ч. 2
|
| 210 |
|
|
|d 2009
|
| 215 |
|
|
|a 384 с.
|c ил.
|
| 320 |
|
|
|a Список литературы: с. 382.
|
| 330 |
|
|
|a Настоящее пособие написано на основе многолетнего опыта чтения лекций и проведения практических занятий по высшей математике в Московском государственном открытом университете на различных факультетах. Оно является продолжением одноименного учебного пособия и содержит указания по решению задач основного курса, начиная с неопределенного интеграла и кончая дифференциальными уравнениями, а также задач по теории вероятностей и математической статистике. Наряду с большим числом решенных задач, приводятся упражнения для самостоятельного решения; в каждой из восьми глаз даны контрольные задания. Пособие рассчитано на студентов очной, заочной и вечерней форм обучения факультетов, где математика не является профилирующей дисциплиной.
|
| 461 |
|
1 |
|0 (RuTPU)RU\TPU\book\169082
|t Высшая математика. Руководство к решению задач
|o учебное пособие
|f К. Н. Лунгу, Е. В. Макаров
|v Ч. 2
|d 2008
|
| 606 |
1 |
|
|a Математика высшая
|2 stltpush
|3 (RuTPU)RU\TPU\subj\3986
|9 32308
|
| 610 |
1 |
|
|a учебные пособия
|
| 610 |
1 |
|
|a задачи
|
| 610 |
1 |
|
|a руководства
|
| 610 |
1 |
|
|a неопределенные интегралы
|
| 610 |
1 |
|
|a определенные интегралы
|
| 610 |
1 |
|
|a кратные интегралы
|
| 610 |
1 |
|
|a криволинейные интегралы
|
| 610 |
1 |
|
|a поверхностные интегралы
|
| 610 |
1 |
|
|a дифференциальные уравнения
|
| 610 |
1 |
|
|a ряды
|
| 610 |
1 |
|
|a теория вероятностей
|
| 610 |
1 |
|
|a математическая статистика
|
| 610 |
1 |
|
|a случайные события
|
| 610 |
1 |
|
|a вероятность
|
| 610 |
1 |
|
|a случайные величины
|
| 610 |
1 |
|
|a решения
|
| 675 |
|
|
|a 51(076)
|v 3
|
| 801 |
|
1 |
|a RU
|b 63413507
|c 20080219
|g PSBO
|
| 801 |
|
2 |
|a RU
|b 63413507
|c 20221205
|g PSBO
|
| 900 |
|
|
|a Высшая математика
|
| 942 |
|
|
|c BK
|
| 952 |
|
|
|a 550000
|
| 959 |
|
|
|a 18/20080219
|d 2
|e 220,00
|f АНЛ:1
|f ЧЗТЛ:1
|
| 959 |
|
|
|a 13/20100310
|d 3
|e 220,00
|f УФ:3
|